MARC

LEADER 00000nab a2200000 a 4500
001 vtls000150072
003 SK-MaSNL
005 20260304013348.0
008 111104c1983 xo 0 slo
015 |a SNBRB19rr/mm-uuuuu 
035 |a CL0160179 
040 |a SNKBUCL  |b slo  |c SNKBUCL  |e AACR2 
041 0 |a slo 
044 |a xo  |c SK 
080 |a 885.4-3(087.5)  |2 1981 
100 1 |a Donoval, Ján,  |d 1941-  |4 aut  |9 239939 
245 1 0 |a Ezopské bájky  |c Ján Donoval 
500 |a Obsahuje 5 bájok 
655 7 |a bájky  |2 snkbucl  |9 70545 
655 7 |a literatúra pre deti  |2 snkbucl  |9 87135 
655 7 |a články z novín a časopisov  |2 snkbucl  |9 267496 
655 7 |a články z odboru literárna veda a krásna literatúra  |2 snkbucl  |9 770045 
655 7 |a literárne adaptácie  |2 snkbucl  |9 276567 
700 0 |a Ezop,  |d 6. stor. pred Kr.  |4 ant  |9 172338 
740 0 2 |a Komár a býk 
740 0 2 |a Líška a levica 
740 0 2 |a Nohy a parohy 
740 0 2 |a Páv a žeriav 
740 0 2 |a Zmija a líška 
773 0 |t Slniečko  |g Roč. 15, č. 10 (1983), s. 12-13 
850 |a Slovenská národná knižnica 
852 |a Slovenská národná knižnica 
958 |a RK 
958 |a LX 
992 |a RBX 
999 |c 2575470  |d 2577400